00838nam a2200229 a 450000100060000000300090000600800410001504000280005608200150008410000420009924500290014130000190017059000750018965000330026465000330029765000320033065000360036265000310039894200120042999900170044195201500045812269CO-ViMGA141112s2004 ck r 000 u spa d aCO-ViMGAbspacCO-ViMGA04a745.5 F85s1 aFundacion Banco de Maracaibo, 91747410a7 maestros, 7 materiales asin paginacion aForma de adquisición : canje - - Proveedor : Bib. Luis ÁngelArango14aARTESANIAS - COLOMBIA91747514aARTESANIAS - PITALITO91747614aARTESANIAS - RAQUIRA91747714aARTESANIAS - SAN JACINTO91747814aARTESANIAS - TOLIMA917479 2ddccBK c23281d23281 00102ddc40708003aMEVIECARbMEVIECARd2015-12-04hVolumen. 1 | 11/jun/2009l0o745.5 F85s p12269r2015-12-04 00:00:00tEj. 1w2015-12-04yBK